En este rincón del mundo

Shranjeno v:
Bibliografske podrobnosti
Glavni avtor: Kouno, Fumiyo (Author)
Format: Knjiga
Jezik:španščina
Izdano: París Ponent Mon 2015
Izdaja:1a. ed
Teme:
Oznake: Označite
Brez oznak, prvi označite!

MARC

LEADER 00000cam a2200000 a 4500
001 UCC3653
003 CL-VaPUC
008 180531e20150000fr |||||||||||||||||spa|d
020 |a 9781908007964 
082 0 4 |a 859.603  |b KOU  |2 21 
100 0 |a Kouno, Fumiyo  |e author  |9 597715 
245 1 0 |a En este rincón del mundo 
250 |a 1a. ed 
300 |a 426 p 
942 |c BK 
945 |d 20180531 16:15:00  |a dcastane 
260 |a París  |b Ponent Mon  |c 2015 
650 0 |a Cómics  |9 369534 
650 0 |a Literatura japonesa  |9 266543 
650 7 |a NOVELAS JAPONESAS  |2 CL-VaPUC  |9 597716 
650 0 |a Novela gráfica  |9 561356 
583 |a last modification  |c 20180531 16:15:00  |k Rodrigo Vera 
999 |c 371345  |d 371343